<?xml version="1.0" encoding="UTF-8"?>
<record
    xmlns:xsi="http://www.w3.org/2001/XMLSchema-instance"
    xsi:schemaLocation="http://www.loc.gov/MARC21/slim http://www.loc.gov/standards/marcxml/schema/MARC21slim.xsd"
    xmlns="http://www.loc.gov/MARC21/slim">

  <leader>00983nam a2200229   4500</leader>
  <controlfield tag="003">CO-ViMGA</controlfield>
  <datafield tag="040" ind1=" " ind2=" ">
    <subfield code="a">CO-ViMGA</subfield>
    <subfield code="b">spa</subfield>
    <subfield code="c">CO-ViMGA</subfield>
  </datafield>
  <datafield tag="082" ind1="0" ind2="4">
    <subfield code="a">986.100498</subfield>
    <subfield code="b">C748g</subfield>
  </datafield>
  <datafield tag="100" ind1="1" ind2=" ">
    <subfield code="a">Cristancho Moreno, Eliana,</subfield>
    <subfield code="d">aut.</subfield>
    <subfield code="9">7429</subfield>
  </datafield>
  <datafield tag="245" ind1="1" ind2="0">
    <subfield code="a">G&#xFC;eta: el plan del resurgimiento :</subfield>
    <subfield code="b">comunidad Mhuysqa de Sesquil&#xE9; /</subfield>
    <subfield code="c">Eliana Cristancho Moreno.</subfield>
  </datafield>
  <datafield tag="260" ind1=" " ind2=" ">
    <subfield code="a">Colombia:</subfield>
    <subfield code="b">imprenta nacional de Colombia, CAR,</subfield>
    <subfield code="c">2015.</subfield>
  </datafield>
  <datafield tag="300" ind1=" " ind2=" ">
    <subfield code="a">295 p. :</subfield>
    <subfield code="b">il, ; 23.5 cm.</subfield>
    <subfield code="e">+ CD-ROM.</subfield>
  </datafield>
  <datafield tag="650" ind1="1" ind2="4">
    <subfield code="a">Comunidad ind&#xED;gena Mhuysqa - Sesquil&#xE9; - Colombia.</subfield>
    <subfield code="9">7434</subfield>
  </datafield>
  <datafield tag="650" ind1="1" ind2="4">
    <subfield code="a">Indigenas de Colombia - Investigaciones - Sesquil&#xE9;.</subfield>
    <subfield code="9">7430</subfield>
  </datafield>
  <datafield tag="650" ind1="1" ind2="4">
    <subfield code="a">Lugares sagrados - Sesquil&#xE9; - Colombia.</subfield>
    <subfield code="9">7432</subfield>
  </datafield>
  <datafield tag="650" ind1="1" ind2="4">
    <subfield code="a">Medicina ind&#xED;gena - Sesquil&#xE9; - Colombia.</subfield>
    <subfield code="9">7431</subfield>
  </datafield>
  <datafield tag="650" ind1="1" ind2="4">
    <subfield code="a">Protecci&#xF3;n de los recursos naturales - Sesquil&#xE9; - Colombia</subfield>
    <subfield code="9">7433</subfield>
  </datafield>
  <datafield tag="700" ind1="1" ind2=" ">
    <subfield code="a">Candil Chaut&#xE1;, Carlos,</subfield>
    <subfield code="e">aut.</subfield>
    <subfield code="9">7435</subfield>
  </datafield>
  <datafield tag="700" ind1="1" ind2=" ">
    <subfield code="a">Santos Curvelo, Roberto,</subfield>
    <subfield code="e">aut.</subfield>
    <subfield code="9">7436</subfield>
  </datafield>
  <datafield tag="700" ind1="1" ind2=" ">
    <subfield code="a">Valenzuela Amaya, Camilo,</subfield>
    <subfield code="e">aut.</subfield>
    <subfield code="9">7437</subfield>
  </datafield>
  <datafield tag="942" ind1=" " ind2=" ">
    <subfield code="2">ddc</subfield>
    <subfield code="c">BK</subfield>
  </datafield>
  <datafield tag="999" ind1=" " ind2=" ">
    <subfield code="c">37736</subfield>
    <subfield code="d">37736</subfield>
  </datafield>
  <datafield tag="952" ind1=" " ind2=" ">
    <subfield code="0">0</subfield>
    <subfield code="1">0</subfield>
    <subfield code="2">ddc</subfield>
    <subfield code="4">0</subfield>
    <subfield code="7">0</subfield>
    <subfield code="8">003</subfield>
    <subfield code="a">MEVIECAR</subfield>
    <subfield code="b">MEVIECAR</subfield>
    <subfield code="d">2016-11-02</subfield>
    <subfield code="l">0</subfield>
    <subfield code="o">986.100498 C748g</subfield>
    <subfield code="p">31455</subfield>
    <subfield code="r">2016-11-02 00:00:00</subfield>
    <subfield code="t">Ej. 1</subfield>
    <subfield code="w">2016-11-02</subfield>
    <subfield code="y">BK</subfield>
  </datafield>
  <datafield tag="952" ind1=" " ind2=" ">
    <subfield code="0">1</subfield>
    <subfield code="1">0</subfield>
    <subfield code="2">ddc</subfield>
    <subfield code="4">4</subfield>
    <subfield code="7">0</subfield>
    <subfield code="8">003</subfield>
    <subfield code="a">MEVIECAR</subfield>
    <subfield code="b">MEVIECAR</subfield>
    <subfield code="d">2016-11-02</subfield>
    <subfield code="l">0</subfield>
    <subfield code="o">986.100498 C748g</subfield>
    <subfield code="p">31456</subfield>
    <subfield code="r">2016-11-02 00:00:00</subfield>
    <subfield code="t">Ej. 1</subfield>
    <subfield code="w">2016-11-02</subfield>
    <subfield code="y">DVD</subfield>
  </datafield>
</record>
